000 00943nam a2200277 a 4500
001 BRCA_7443
005 20190320205834.0
008 110413s1950----mx-c######---#000-0#spa-#
041 _aspa
044 _amx
050 4 _aF1234
_b.B48 1950
100 1 _aBeteta, Ramon
_912948
245 1 0 _aPensamiento y dinámica de la Revolución Mexicana
_bantología de documentos politicosociales
_cRamon Beteta.
260 _a[México]
_bMéxico Nuevo
_c1950
300 _a579 p.
_bil., retratos
500 _aRetrato al óleo del Sr. Beteta hecho por David Alfaro Siqueiros
500 _aDedicatoria del autor al Sr. Franz Mayer
500 _aEjemplar numerado 2,369 de 5,000
500 _aQ196
651 4 _aMéxico
_xPolítica y gobierno
_y1910-1946
_99549
651 4 _aMéxico
_xCondiciones sociales
_9810
651 4 _aMéxico
_xCondiciones económicas
_92842
700 1 _aAlfaro Siqueiros, David
_918330
902 _aGFM
942 _2lcc
_cB
999 _c7119
_d7119